The golden chord/ (Record no. 142437)

MARC details
000 -LEADER
fixed length control field 00488nam a22001817a 4500
005 - DATE AND TIME OF LATEST TRANSACTION
control field 20170711153242.0
010 ## - LCCN (DPL NO)
LC control number ENG-119154
020 ## - INTERNATIONAL STANDARD BOOK NUMBER
Terms of availability 120.00
035 ## - SYSTEM CONTROL NUMBER
System control number EN-102686
037 ## - SOURCE OF ACQUISITION
Source of stock number/acquisition DBAD/PUB
082 ## - DEWEY DECIMAL CLASSIFICATION NUMBER
Classification number 881
100 ## - MAIN ENTRY--PERSONAL NAME
Personal name Hansdak,Imogene
245 ## - TITLE STATEMENT
Title The golden chord/
Statement of responsibility, etc by Imogene Hansdak
260 ## - PUBLICATION, DISTRIBUTION, ETC. (IMPRINT)
Place of publication, distribution, etc Calcutta
Name of publisher, distributor, etc Writers Workshop
Date of publication, distribution, etc 2010
270 ## - ADDRESS
Address 162/92, Lake Gardens,
City Calcutta
Postal code 700045
300 ## - PHYSICAL DESCRIPTION
Extent 44p.
Dimensions 22cm(Hb)
942 ## - ADDED ENTRY ELEMENTS (KOHA)
Source of classification or shelving scheme Dewey Decimal Classification
Item type English Books
Classification part 881
Call number suffix HAN
Holdings
Withdrawn status Lost status Not for loan Collection code Home library Current library Date acquired Source of acquisition Cost, normal purchase price Full call number Barcode Copy number Cost, replacement price Koha item type
    Not For Loan Non-fiction D.B.Act.Division Bawana 11/07/2017 DBAD/PUB 120.00 881 SHA EN-102686 1 120.00 English Books

© Delhi Public Library
Hit Counter
free hit counter